Documento firmado por Don Agustín de Iturbide (Record no. 4644)

MARC details
000 -CABECERA
campo de control de longitud fija 01352nam a2200289 a 4500
001 - NÚMERO DE CONTROL
campo de control BRCA_4950
005 - FECHA Y HORA DE LA ÚLTIMA TRANSACCIÓN
campo de control 20190320204855.0
008 - DATOS DE LONGITUD FIJA--INFORMACIÓN GENERAL
campo de control de longitud fija 221010s1813----mx-#######---#000-0#spa-#
041 ## - CÓDIGO DE LENGUA
Código de lengua del texto/banda sonora o título independiente spa
044 ## - CÓDIGO DEL PAÍS DE LA ENTIDAD EDITORA/PRODUCTORA
Código MARC del país mx
084 ## - OTRO NÚMERO DE CLASIFICACIÓN
Número de clasificación DOC43
Número de documento/Ítem .I88
-- 1824
100 1# - ENTRADA PRINCIPAL--NOMBRE DE PERSONA
Nombre de persona Iturbide, Agustín de
Fechas asociadas al nombre 1783-1824
9 (RLIN) 12581
245 10 - MENCIÓN DE TÍTULO
Título Documento firmado por Don Agustín de Iturbide
Mención de responsabilidad, etc. Agustín de Iturbide ; Conde de Pérez Gálvez.
260 ## - PUBLICACIÓN, DISTRIBUCIÓN, ETC.
Lugar de publicación, distribución, etc. Irapuato, Gto., México
Fecha de publicación, distribución, etc. 1813
300 ## - DESCRIPCIÓN FÍSICA
Extensión [4] fojas
Dimensiones 21 x 25 cm.
500 ## - NOTA GENERAL
Nota general Documento firmado el 18 de junio de 1813.
500 ## - NOTA GENERAL
Nota general Documento autógrafo de Don Agustín de Iturbide, dirigido al Coronel Conde de Pérez Gálvez desde Irapuato en la que le pide cuenta de los gastos de la guarnición de esa Villa para cumplir con las disposiciones del Virrey.
500 ## - NOTA GENERAL
Nota general El documento contiene la leyenda DOC. #52.
500 ## - NOTA GENERAL
Nota general Estado de conservación: contiene restos de pegamento por cinta adhesiva.
506 0# - NOTA DE RESTRICCIONES AL ACCESO
Limitaciones de acceso Fondo Reservado. Para su consulta es necesario credencial de usuario y carta de motivos.
546 ## - NOTA DE LENGUA/LENGUAJE
Nota de lengua/lenguaje Texto en : español de principios del siglo XIX.
600 14 - PUNTO DE ACCESO ADICIONAL DE MATERIA--NOMBRE DE PERSONA
Nombre de persona Iturbide, Agustín de
Fechas asociadas al nombre 1783-1824
Subdivisión general Historia
9 (RLIN) 12582
651 #4 - PUNTO DE ACCESO ADICIONAL DE MATERIA--NOMBRE GEOGRÁFICO
Nombre geográfico México
Subdivisión general Historia
Subdivisión cronológica Guerra de independencia, 1810-1824
Subdivisión geográfica Irapuato, Gto.
9 (RLIN) 12583
700 1# - PUNTO DE ACCESO ADICIONAL--NOMBRE DE PERSONA
Nombre de persona Peréz Galvéz
Títulos y otros términos asociados al nombre Conde de
9 (RLIN) 12584
902 ## - CATALOGADOR
Iniciales FDH
942 ## - ELEMENTOS DE PUNTO DE ACCESO ADICIONAL (KOHA)
Fuente del sistema de clasificación o colocación Library of Congress Classification
Tipo de ítem Koha Documentos
Holdings
Estado de retiro Estado de pérdida Estado dañado No para préstamo Localización permanente Ubicación/localización actual Fecha de adquisición Total de préstamos Signatura topográfica completa Código de barras Fecha visto por última vez Precio válido a partir de Tipo de ítem Koha
El ejemplar forma parte de la colección y puede ser consultado según las políticas vigentes.       Biblioteca del Museo Franz Mayer (Rogerio Casas-Alatriste) Biblioteca del Museo Franz Mayer (Rogerio Casas-Alatriste) 22/10/2010   DOC43 .I88 1824 5011 22/03/2019 22/03/2019 Documentos